Language Quiz

Random Language Quiz
Score 0/20 Timer 10:00
0 Plays Today
% Correct
Chatty bird
95%
Buried chest
94.7%
Used to find north
94.2%
Artificial limb
93.5%
Explosive saltpetre
93.4%
Revolt in the ranks
93.2%
Pirate's chant
92.8%
Spanish fleet
92.4%
Quiz theme
92.2%
Piratical adventurer
91.9%
% Correct
Heavy artillery
91.9%
Steal goods
91.5%
One who slits necks
91.3%
Where not to fall
91.1%
'Yes, Captain!'
90.7%
Used to board a ship
90.5%
Curved sword
90.1%
Spanish gold coin
89%
Leave stranded
86.2%
I envoke the right of...
85.7%
Remove Ads.
Support Sporcle.
Get the best of Sporcle when you Go Orange. This ad-free experience offers more features, more stats, and more fun while also helping to support Sporcle. Thank you for becoming a member.

You're not logged in!

Compare scores with friends on all Sporcle quizzes.
OR
Log In

Show Comments

Extras

Top Quizzes Today


Score Distribution

Your Account Isn't Verified!

In order to create a playlist on Sporcle, you need to verify the email address you used during registration. Go to your Sporcle Settings to finish the process.

Report this User

Report this user for behavior that violates our Community Guidelines.

Details: